000 005890000a22001930004500
020 _a84-8267-165-0
041 0 _aSPA
082 0 4 _aG 253.5 J171e
100 1 _aJacobs, Michael (1808-1871)
245 1 0 _aEsa voz interior : Una introducción a la consejería pastoral / Michael Jacobs ; Pilar Florez, Traductor
260 _aTerrassa, Barcelona, España : CLIE
300 _a332 Pag
500 _aTítulo original : Still small voice
001 6440
942 _cBK
999 _c36710
_d36710
336 _atexto
_btxt
_2rdacontent
337 _2rdamedia
_asin mediación
_bn
338 _2rdacarrier
_avolumen
_bnc